| 000 | 00863nam a2200121Ia 4500 | ||
|---|---|---|---|
| 008 | 220615s9999||||xx |||||||||||||| ||und|| | ||
| 100 | _aSegalla, Spencer | ||
| 245 | 0 |
_aEmpire and Catastrophe _bDecolonization and Environmental Disaster in North Africa and Mediterranean France since 1954 |
|
| 546 | _aEnglish[eng] | ||
| 650 | _aHistory;Africa;African Studies;African History;Natural Disaster;Algeria;Morocco;France;Anthropogenic Disaster;French Empire;French History;French Imperialism;Colony;Earthquake;Chelif Valley;Algerian Revolution;Mass Poisoning;American Military Base;Toxic Chemicals;Malpasset Dam;Frejus;Algerian Immigrants;Adagir;Public Relations;United States;Soviet Union;Urban Planning;Environmental Disaster;Environmental History;Colonial History | ||
| 856 | _uhttps://library.oapen.org/bitstream/20.500.12657/37329/4/9781496222152.pdf | ||
| 942 | _cEB | ||
| 999 |
_c13533 _d13533 |
||